书目信息 |
| 题名: |
民间皮影
|
|
| 作者: | 魏力群 编著 | |
| 分册: | ||
| 出版信息: | 北京 中国轻工业出版社 2005 |
|
| 页数: | 139页 | |
| 开本: | 19cm | |
| 丛书名: | 中国民间工艺风采丛书 | |
| 单 册: | ||
| 中图分类: | J528.3 | |
| 科图分类: | ||
| 主题词: | 民间工艺 , 皮影--民间工艺--中国 | |
| 电子资源: | ||
| ISBN: | 7-5019-4731-7 | |
| 000 | 00876oam2 2200277 45 | |
| 001 | 0900000034369 | |
| 005 | 20061203162030.79 | |
| 010 | @a7-5019-4731-7@dCNY36.00 | |
| 100 | @a20050621d2005 ekmy0chiy0120 ea | |
| 101 | 0 | @achi |
| 102 | @aCN@b110000 | |
| 102 | @aCN@b110000 | |
| 105 | @aa z 000yy | |
| 200 | 1 | @a民间皮影@9min jian pi ying@f魏力群编著@Fwei li qun bian zhu |
| 210 | @a北京@c中国轻工业出版社@d2005 | |
| 215 | @a139页@c图@d19cm | |
| 225 | 2 | @a中国民间工艺风采丛书 |
| 330 | @a本书以图文并茂的形式介绍我国西部、北方、中南部的皮影艺术,介绍皮影的制作工艺、艺术鉴赏、皮影戏的表演、故事情节与人物等。 | |
| 461 | 0 | @12001 @a中国民间工艺风采丛书 |
| 606 | 0 | @a民间工艺 |
| 606 | 0 | @a皮影@x民间工艺@y中国 |
| 690 | @aJ528.3@v4 | |
| 701 | 0 | @a魏力群@Awei li qun@4编著 |
| 801 | 0 | @aCN@bCXYBOOK@c20061203 |
| 905 | @a10447@dJ528.3@e137 | |
| 999 | @aWJ@eJDD | |
| 民间皮影/魏力群编著.-北京:中国轻工业出版社,2005 |
| 139页:图;19cm.-(中国民间工艺风采丛书) |
| ISBN 7-5019-4731-7:CNY36.00 |
| 本书以图文并茂的形式介绍我国西部、北方、中南部的皮影艺术,介绍皮影的制作工艺、艺术鉴赏、皮影戏的表演、故事情节与人物等。 |
| ● |
| 相关链接 |
|
|
|
|
正题名:民间皮影
索取号:J528.3/137
 
预约/预借
| 序号 | 登录号 | 条形码 | 馆藏地/架位号 | 状态 | 备注 |
| 1 | 0373096 | 203730962 | 第一样本阅览室/ [索取号:J528.3/137] | 在馆 | |
| 2 | 0373097 | 203730971 | 第一借阅区/ [索取号:J528.3/137] | 在馆 | |
| 3 | 0373098 | 203730980 | 第一借阅区/ [索取号:J528.3/137] | 在馆 | |
| 4 | 0373099 | 203730999 | 第一借阅区/ [索取号:J528.3/137] | 在馆 | |
| 5 | 0610975 | 206109753 | 第一借阅区/ [索取号:J528.3/137] | 在馆 | |
| 6 | 0610976 | 206109762 | 第一借阅区/ [索取号:J528.3/137] | 在馆 | |
| 7 | 0610977 | 206109771 | 第一借阅区/ [索取号:J528.3/137] | 在馆 |